004140000a2200133000450024500670000065000160006765000330008365000240011665100310014004100130017170000230018410000210020777300520022810aEffects of plant composition and diversity on nutrient cycling14aFenología14aComposición de las plantas14aCiclo de nutrientes 4dCaliforniapEstados Unidos0 aInglés1 aVitousek, Peter M.1 aHooper, David U.1 tEcological Monographs314h1q121-149d1998g68